LEADER 01903nam 2200421Ia 450 001 996386785903316 005 20221108072058.0 035 $a(CKB)4940000000080396 035 $a(EEBO)2240856600 035 $a(OCoLC)13241699 035 $a(EXLCZ)994940000000080396 100 $a19860305d1684 uy | 101 0 $aeng 135 $aurbn||||a|bb| 200 00$aAnglorum speculum, or, The worthies of England in church and state$b[electronic resource] $ealphabetically digested into the several shires and counties therein contained : wherein are illustrated the lives and characters of the most eminent persons since the conquest to this present age : also an account of the commodities and trade of each respective county and the most flourishing cities and towns therein 210 $aLondon $cPrinted for John Wright ... Thomas Passinger ... and William Thackary ...$d1684 215 $a[8], 224, 369-596, 739-974, [16] p 300 $aPreface signed: G.S. 300 $aAttributed to George Sandys. Cf. Halkett & Laing (2nd ed.). 300 $aPages beginning-209 are tightly bound in filmed copy. Beginning-p. 213 photographed from Bodleian Library copy and inserted at the end. 300 $aReproduction of original in British Library. 330 $aeebo-0018 607 $aGreat Britain$vBiography 607 $aWales$vBiography 607 $aGreat Britain$xDescription and travel 607 $aGreat Britain$xDescription and travel$vEarly works to 1800 607 $aWales$xDescription and travel 607 $aWales$xDescription and travel$vEarly works to 1800 700 $aSandys$b George$f1578-1644.$0709605 801 0$bEAA 801 1$bEAA 801 2$bm/c 801 2$bUMI 801 2$bWaOLN 906 $aBOOK 912 $a996386785903316 996 $aAnglorum speculum, or, The worthies of England in church and state$92358387 997 $aUNISA LEADER 01876nam 2200469 450 001 9910795108103321 005 20220531001859.0 010 $a3-8467-6420-5 024 7 $a10.30965/9783846764206 035 $a(CKB)4930000000056392 035 $a(OCoLC)1089700742 035 $a(nllekb)BRILL9783846764206 035 $a(MiAaPQ)EBC6517889 035 $a(Au-PeEL)EBL6517889 035 $a(OCoLC)1243551700 035 $a(Brill | Fink)9783846764206 035 $a(EXLCZ)994930000000056392 100 $a20220531d2019 uy 0 101 0 $ager 135 $aurun| uuuua 181 $ctxt$2rdacontent 182 $cc$2rdamedia 183 $2rdacarrier 200 10$aNeuro Design $eWas Design und Marketing von Neurowissenschaft und Psychologie lernen ko?nnen /$fMartin Ludwig Hofmann 205 $a1st ed. 210 1$aPaderborn :$cWilhelm Fink,$d[2019] 210 4$d©2019 215 $a1 online resource 311 $a3-7705-6420-0 320 $aIncludes bibliographical references and index. 330 $aWie la?sst sich mit typographischer Gestaltung die Gehirnta?tigkeit steuern? Warum kaufen Menschen im Supermarkt plo?tzlich die doppelte Menge an Dosensuppen? Und was bewirkt der Halo-Effekt beim Branding? Es gibt viel, was Design und Marketing von Neurowissenschaften und Psychologie lernen ko?nnen. Dieses Buch will Designern und Marketingexperten einen Zugang zu diesem wichtigen Bereich ermo?glichen. Dazu fu?hrt es in die Grundlagen des Neuro-Designs ein und vermittelt konkrete Techniken fu?r die Berufspraxis. 606 $aNeuromarketing 615 0$aNeuromarketing. 676 $a658.80019 700 $aHofmann$b Martin Ludwig$f1972-$0847418 801 0$bMiAaPQ 801 1$bMiAaPQ 801 2$bMiAaPQ 906 $aBOOK 912 $a9910795108103321 996 $aNeuro Design$93784534 997 $aUNINA LEADER 02506nas 2200697-a 450 001 996205953103316 005 20230227213019.0 011 $a1813-2723 035 $a(DE-599)ZDB2183570-6 035 $a(OCoLC)58462441 035 $a(CKB)1000000000044774 035 $a(CONSER)--2006267512 035 $a(EXLCZ)991000000000044774 100 $a20050314a20059999 sf- - 101 0 $aeng 135 $aurmn||||||||| 181 $ctxt$2rdacontent 182 $cc$2rdamedia 183 $acr$2rdacarrier 200 10$aEconomic policy reforms $egoing for growth 210 $aParis $cOECD$d©2005- 300 $aRefereed/Peer-reviewed 300 $aTitle from PDF p. 1 (publisher's Web site, viewed Jan. 27, 2005). 311 $a1813-2715 517 3 $aGoing for growth 531 $aECONOMIC POLICY REFORMS GOING FOR GROWTH 606 $aEconomic development$vPeriodicals 606 $aEconomic development 606 $aDéveloppement économique 606 $aDéveloppement économique$vPériodiques 606 $aeconomic development$2aat 606 $aEconomic development$2fast$3(OCoLC)fst00901785 606 $aEconomic history$2fast$3(OCoLC)fst00901974 606 $aEconomic policy$2fast$3(OCoLC)fst00902025 607 $aOECD countries$xEconomic policy$vPeriodicals 607 $aOECD countries$xEconomic conditions$vPeriodicals 607 $aOECD countries 607 $aPays de l'Organisation de coopération et de développement économiques 607 $aPays de l'Organisation de coopération et de développement économiques$xPolitique économique$vPériodiques 607 $aPays de l'Organisation de coopération et de développement économiques$xConditions économiques$vPériodiques 607 $aOECD countries$2fast 608 $aPeriodicals.$2fast 610 $aEconomic conditions 610 $aEconomic policy 610 $aOECD countries 610 $aAustralia overseas comparisons 610 $aStatistics 610 $aPeriodicals 615 0$aEconomic development 615 0$aEconomic development. 615 6$aDéveloppement économique. 615 6$aDéveloppement économique 615 7$aeconomic development. 615 7$aEconomic development. 615 7$aEconomic history. 615 7$aEconomic policy. 712 02$aOrganisation for Economic Co-operation and Development. 906 $aJOURNAL 912 $a996205953103316 996 $aEconomic policy reforms$91094466 997 $aUNISA